00292nam a2200133Ia 4500003000900000008004100009040001300050040001300063100001500076245001800091260003500109300000800144490000600152IT-RoPAU120407s9999 xx 000 0 und d aIT-RoPAU cIT-RoPAU aL. Borrano aSan Martino I aPia Società Figlie San Paolo c cm v1